| 000 -LEADER |
| fixed length control field |
00845nam a2200229 4500 |
| 001 - CONTROL NUMBER |
| control field |
21742 |
| 003 - CONTROL NUMBER IDENTIFIER |
| control field |
BD-DhUAP |
| 005 - DATE AND TIME OF LATEST TRANSACTION |
| control field |
20230128153214.0 |
| 008 - FIXED-LENGTH DATA ELEMENTS--GENERAL INFORMATION |
| fixed length control field |
230128b2021 bg ||||| |||| 001 0ceng d |
| 020 ## - INTERNATIONAL STANDARD BOOK NUMBER |
| International Standard Book Number |
9789843517852 |
| 040 ## - CATALOGING SOURCE |
| Original cataloging agency |
BD-DhUAP |
| Language of cataloging |
Eng |
| Transcribing agency |
BD-DhUAP |
| Modifying agency |
BD-DhUAP |
| Description conventions |
BD-DhUAP |
| 082 ## - DEWEY DECIMAL CLASSIFICATION NUMBER |
| Edition number |
23 |
| Classification number |
343.5492 MAR |
| 100 ## - MAIN ENTRY--PERSONAL NAME |
| Personal name |
Bangabandhu Sheikh Mujibur Rahman Maritime University, Bangladesh. |
| 245 ## - TITLE STATEMENT |
| Title |
Maritime Law Compendium: |
| Remainder of title |
A Handbook for Maritime Professionals & Academicians/ |
| Statement of responsibility, etc. |
Bangabandhu Sheikh Mujibur Rahman Maritime University, Bangladesh. |
| 250 ## - EDITION STATEMENT |
| Edition statement |
1st ed . |
| 260 ## - PUBLICATION, DISTRIBUTION, ETC. |
| Place of publication, distribution, etc. |
Dhaka: |
| Name of publisher, distributor, etc. |
Bangabandhu Sheikh Mujibur Rahman Maritime University, Bangladesh; |
| Date of publication, distribution, etc. |
2021. |
| 300 ## - PHYSICAL DESCRIPTION |
| Extent |
896 pages ; |
| Dimensions |
24 cm. |
| 505 ## - FORMATTED CONTENTS NOTE |
| Formatted contents note |
Bengali & English. |
| 650 ## - SUBJECT ADDED ENTRY--TOPICAL TERM |
| Topical term or geographic name entry element |
Maritime law |
| Geographic subdivision |
Bangladesh. |
| 650 ## - SUBJECT ADDED ENTRY--TOPICAL TERM |
| Topical term or geographic name entry element |
Admiralty |
| Geographic subdivision |
Bangladesh. |
| 942 ## - ADDED ENTRY ELEMENTS (KOHA) |
| Source of classification or shelving scheme |
|
| Koha item type |
Book |